000 00477nam a2200133Ia 4500
005 20260209120151.0
008 260209s9999||||xx |||||||||||||| ||und||
100 _aU Venkatesh
245 0 _aLegislative glitches in commercial courts act, 2015
260 _aBangaloreBangalore
_bNLSIU, Bangalore
_c2023 - 2024
300 _a36 p. ; 25 cm.
700 _aDr. Rahul Hemrajani - SupervisorDr. Rahul Hemrajani - Supervisor
856 _uhttps://dans.nls.ac.in/handle/123456789/2222
999 _c217723
_d217723